| 000 -LEADER |
| fixed length control field |
03704cam a2200373 a 4500 |
| 001 - CONTROL NUMBER |
| control field |
16471117 |
| 005 - DATE AND TIME OF LATEST TRANSACTION |
| control field |
20170105102924.0 |
| 008 - FIXED-LENGTH DATA ELEMENTS--GENERAL INFORMATION |
| fixed length control field |
100922s2011 enk b 001 0 eng |
| 010 ## - LIBRARY OF CONGRESS CONTROL NUMBER |
| LC control number |
2010040392 |
| 020 ## - INTERNATIONAL STANDARD BOOK NUMBER |
| International Standard Book Number |
9780415550888 (hbk. alk. paper) |
| 020 ## - INTERNATIONAL STANDARD BOOK NUMBER |
| International Standard Book Number |
0415550882 (hbk. alk. paper) |
| 020 ## - INTERNATIONAL STANDARD BOOK NUMBER |
| International Standard Book Number |
9780203828090 (ebk) |
| 020 ## - INTERNATIONAL STANDARD BOOK NUMBER |
| International Standard Book Number |
0203828097 (ebk) |
| 035 ## - SYSTEM CONTROL NUMBER |
| System control number |
(OCoLC)ocn426810516 |
| 040 ## - CATALOGING SOURCE |
| Original cataloging agency |
DLC |
| Transcribing agency |
DLC |
| Modifying agency |
YDX |
| -- |
BTCTA |
| -- |
YDXCP |
| -- |
BWK |
| -- |
DLC |
| 042 ## - AUTHENTICATION CODE |
| Authentication code |
pcc |
| 050 00 - LIBRARY OF CONGRESS CALL NUMBER |
| Classification number |
KZ4850 |
| Item number |
.I5853 2011 |
| 082 00 - DEWEY DECIMAL CLASSIFICATION NUMBER |
| Classification number |
341.2 |
| Edition number |
22 |
| 245 00 - TITLE STATEMENT |
| Title |
International organizations and the idea of autonomy : |
| Remainder of title |
institutional independence in the international legal order / |
| Statement of responsibility, etc. |
edited by Richard Collins and Nigel D. White. |
| 260 ## - PUBLICATION, DISTRIBUTION, ETC. |
| Place of publication, distribution, etc. |
Abingdon, Oxon ; |
| -- |
New York : |
| Name of publisher, distributor, etc. |
Routledge, |
| Date of publication, distribution, etc. |
2011. |
| 300 ## - PHYSICAL DESCRIPTION |
| Extent |
xviii, 445 p. ; |
| Dimensions |
25 cm. |
| 490 1# - SERIES STATEMENT |
| Series statement |
Routledge research in international law |
| 504 ## - BIBLIOGRAPHY, ETC. NOTE |
| Bibliography, etc. note |
Includes bibliographical references (p. [398]-430) and index. |
| 505 00 - FORMATTED CONTENTS NOTE |
| Formatted contents note |
International organizations and the idea of autonomy : introduction and overview / Richard Collins and Nigel D. White -- Modernist-positivism and the problem of institutional autonomy in international law / Richard Collins -- Autonomy in Kant's philosophy of international law / Patrick Capps -- The multifaceted concept of the autonomy of international organizations and international legal discourse / Jean d'Aspremont -- Policy autonomy of intergovernmental organizations : a challenge to international relations theory? / Bob Reinalda and Bertjan Verbeek -- The idea of autonomy : accountability, self-determinism and what normative claims about institutional autonomy in global governance should mean / Garrett W. Brown -- Autonomy, constitutionalism, and virtue in international institutional law / Jan Klabbers -- The emergence of international agencies in the global administrative space : autonomous actors or state servants? / Ramses A. Wessel and Edoardo Chiti -- International adjudication and autonomy / John Merrills -- Sanctions and countermeasures by international organizations : diverging lessons for the idea of autonomy / Frederic Dopagne. |
| 505 00 - FORMATTED CONTENTS NOTE |
| Formatted contents note |
The relationship between international legal personality and institutional autonomy / Tarcisio Gazzini -- Powers of organizations and the many faces of autonomy / Viljam Engstrom -- Managerial accountability : what impact on international organizations' autonomy? / Jan Wouters, Nicholas Hachez and Pierre Schmidt -- Autonomy, attribution and accountability : reflections on the Behrami case / Aurel Sari -- Immunity as a guarantee for institutional autonomy : a functional perspective on the necessity of UN immunity in post-conflict administrations / Eric De Brabandere -- Layers of autonomy in the UN system / Nigel D. White -- Regional arrangements and the UN legal order / Richard Burchill -- Conceptualizing the autonomy of the European Union / Nicholas Tsagourias -- Institutional balances, competences and restraints : the EU as an autonomous foreign policy actor / Paul James Cardwell -- Autonomy in international environmental law and governance : a case study of the actual (somewhere between the fable and the threat) / Duncan French -- Future imperfect : institutional autonomy and the WTO / Mary E. Footer. |
| 650 #0 - SUBJECT ADDED ENTRY--TOPICAL TERM |
| Topical term or geographic name entry element |
International agencies. |
| 650 #0 - SUBJECT ADDED ENTRY--TOPICAL TERM |
| Topical term or geographic name entry element |
Autonomy. |
| 700 1# - ADDED ENTRY--PERSONAL NAME |
| Personal name |
Collins, Richard, |
| Dates associated with a name |
1979- |
| 700 1# - ADDED ENTRY--PERSONAL NAME |
| Personal name |
White, N. D., |
| Dates associated with a name |
1961- |
| 830 #0 - SERIES ADDED ENTRY--UNIFORM TITLE |
| Uniform title |
Routledge research in international law. |
| 906 ## - LOCAL DATA ELEMENT F, LDF (RLIN) |
| a |
7 |
| b |
cbc |
| c |
orignew |
| d |
1 |
| e |
ecip |
| f |
20 |
| g |
y-gencatlg |
| 942 ## - ADDED ENTRY ELEMENTS (KOHA) |
| Source of classification or shelving scheme |
|
| Koha item type |
Book |